000 00457nam a2200193Ia 4500
005 20250603145010.0
008 250603s9999 xx 000 0 und d
020 _a0-321-12226-7
050 _aQA 76.9.D3 .E57/
100 _aRamez Elmasri
245 0 _aFundamentals of database systems
250 _aFourth Edition
260 _aSan Francisco
260 _bPearson
260 _c2003
300 _a1030 p
650 _aSan Francisco
942 _cBK
999 _c40568
_d40568